000 00543cam a2200217 4500
008 #DATE n1968 000 0 eng u
020 _a094552703
035 _a(Sirsi) u120397
041 _aeng
050 _a528
100 _aRainsford, H.
245 _aSurvey adjustments and least squares
250 _aReprinted with corrections
260 _aLondon
_bConstable
_c1968
350 _a3.50
650 _aLEAST SQUARES
650 _aSURVEY ADJUSTMENT
650 _aSURVEYING METHODS
690 _aGeomatics
_96242
942 _n0
999 _c102513
_d102513